Southville International School and Colleges
Your cart is empty.
  • Cart
  • Lists
    Public lists Eva Luna New books Lux_list list_1
    Your lists Log in to create your own lists
  • Log in to your account
  • Your cookies
  • Search history
Southville International School and Colleges
  • Advanced search
  • Recent comments
  • Most popular
  • Libraries

Log in to your account

Log in with GOOGLE


If you do not have an external account, but do have a local account, you can still log in:

  1. Home
  2. MARC view: How to use yoga :
Normal view MARC view ISBD view

How to use yoga : (Record no. 358031)

[ view plain ]
MARC details
000 -LEADER
fixed length control field 00646nam a2200229Ia 4500
008 - FIXED-LENGTH DATA ELEMENTS--GENERAL INFORMATION
fixed length control field 180620s9999 xx 000 0 und d
020 ## - INTERNATIONAL STANDARD BOOK NUMBER
International Standard Book Number 978-1-84476-271-2
050 ## - LIBRARY OF CONGRESS CALL NUMBER
Classification number REF RA 781.7
050 ## - LIBRARY OF CONGRESS CALL NUMBER
Item number .M44 2006
100 ## - MAIN ENTRY--PERSONAL NAME
Personal name Mehta, Mira.
245 #0 - TITLE STATEMENT
Title How to use yoga :
245 #2 - TITLE STATEMENT
Remainder of title a step-by-step guide to the lyengar method of yoga for relaxation, health and well-being shown in 450 photographs /
245 #0 - TITLE STATEMENT
Statement of responsibility, etc Mira Mehta.
260 ## - PUBLICATION, DISTRIBUTION, ETC. (IMPRINT)
Place of publication, distribution, etc London :
260 ## - PUBLICATION, DISTRIBUTION, ETC. (IMPRINT)
Name of publisher, distributor, etc Annes Pub., Ltd.,
260 ## - PUBLICATION, DISTRIBUTION, ETC. (IMPRINT)
Date of publication, distribution, etc 2006
300 ## - PHYSICAL DESCRIPTION
Extent 96 pages :
300 ## - PHYSICAL DESCRIPTION
Other physical details colored illustrations ;
300 ## - PHYSICAL DESCRIPTION
Dimensions 30 cm.
500 ## - GENERAL NOTE
General note Includes index.
650 ## - SUBJECT ADDED ENTRY--TOPICAL TERM
Topical term or geographic name as entry element Yoga.
Holdings
Withdrawn status Lost status Damaged status Home library Current library Shelving location Date acquired Cost, normal purchase price Total Checkouts Full call number Barcode Date last seen Price effective from Koha item type
      South Mansfield College South Mansfield College Reference Section 01/10/2008 971.00   REF RA 781.7 .M44 2006 SMC04065 06/20/2018 06/20/2018  

How to use yoga :

APA

Mehta M., .How to use yoga. London: .

Chicago

Mehta Mira, .How to use yoga. London: .

Harvard

Mehta M., .How to use yoga. London: .

MLA

Mehta Mira, .London: . .

  • Place hold
  • Print
  • Cite
  • Add to your cart (remove)
  • Save record
    BIBTEX Dublin Core MARCXML MARC (non-Unicode/MARC-8) MARC (Unicode/UTF-8) MARC (Unicode/UTF-8, Standard) MODS (XML) RIS
  • More searches
    Search for this title in:
    Other Libraries (WorldCat) Other Databases (Google Scholar) Online Stores (Bookfinder.com) Open Library (openlibrary.org)

Exporting to Dublin Core...

SOUTHVILLE LIBRARY

Southville International School and Colleges Library

1281 Tropical Ave. Cor. Luxembourg St., BF Homes International, Las Pinas City

Tel. No. 8256374 / 252358 Loc. 117/146

Powered by Koha